000 00276nam a22001217a 4500
999 _c8984
_d8984
003 OSt
005 20191126173537.0
008 191126b ||||| |||| 00| 0 eng d
040 _cDDC
100 _aKumar, Santhosh S.
245 _aA Guide to Inclusive Language
942 _2ddc
_cBK